| 000 | 00798nam a2200253Ia 4500 | ||
|---|---|---|---|
| 003 | GCL | ||
| 008 | 140319s9999 xx 000 0 ara d | ||
| 040 |
_aGCL / _cGCL |
||
| 082 | 0 | 4 |
_a701.18 _bم ت |
| 100 | 1 | _aمحمود النبوى الشال | |
| 245 | 1 | 0 |
_aالتذوق وتاريخ الفن / _cمحمود النبوى الشال |
| 700 | 1 | _aمحمد حلمى شاكر | |
| 700 | 1 | _aزينب محمد على | |
| 260 |
_a[S.N] : _bلجنة الاعلام والدراسات المستقبلية |
||
| 300 | _a511 ص | ||
| 490 | _a | ||
| 650 | 0 | 4 | _aالفن |
| 650 | 0 | 4 | _aالفنون التشكيلية |
| 650 | 0 | 4 | _aالتذوق الفنى |
| 650 | 0 | 4 | _aالفن والتاريخ |
| 650 | 0 | 4 | _aرسوم الاطفال |
| 650 | 0 | 4 | _aالفن الاسلامى |
| 942 |
_2ddc _cBK |
||
| 999 |
_c31468 _d31468 |
||